[Event "Platense-ch"]
[Site "La Plata"]
[Date "2018.01.03"]
[Round "1"]
[White "Gorchs, Guillermo"]
[Black "Albistur, Damian"]
[Result "0-1"]
[WhiteElo "1650"]
[BlackElo "2131"]
[PlyCount "44"]
[EventDate "2018.01.03"]
[EventType "swiss"]
[EventRounds "9"]
[EventCountry "ARG"]
[SourceTitle "EXT 2019"]
[Source "ChessBase"]
[SourceDate "2018.10.10"]
[SourceVersion "1"]
[SourceVersionDate "2018.10.10"]
[SourceQuality "1"]

1. e4 c5 2. c3 e6 3. d4 d5 4. exd5 exd5 5. Bb5+ Nc6 6. Nf3 a6 7. Bxc6+ bxc6 8. 0-0 Bd6 9. Re1+ Ne7 10. dxc5 Bxc5 11. Be3 Bd6 12. Nbd2 0-0 13. Nb3 a5 14. Bc5 a4 15. Bxd6 Qxd6 16. Nbd4 Ng6 17. g3 Bg4 18. Re3 c5 19. Nc2 f5 20. h3 Bxh3 21. Ng5 Bg4 22. f3 Qxg3+ 0-1